Desarrollo psicológico del niño
Saved in:
| Hovedforfatter: | |
|---|---|
| Format: | Bog |
| Sprog: | spansk |
| Udgivet: |
Ciudad de México
Trillas
1986
|
| Fag: | |
| Tags: |
Tilføj Tag
Ingen Tags, Vær først til at tagge denne postø!
|
MARC
| LEADER | 00000nam a2200000 a 4500 | ||
|---|---|---|---|
| 001 | UCW4769 | ||
| 003 | CL-VaPUC | ||
| 008 | 900806e19860000MX |||||||||||||||||spa|d | ||
| 082 | 0 | 4 | |a 155.418 |b MUS |2 21 |
| 100 | |a Mussen, Paul Henry |e autor |9 343403 | ||
| 245 | 1 | 0 | |a Desarrollo psicológico del niño |
| 300 | |a 154 p | ||
| 942 | |c BK | ||
| 945 | |d 19900806 00:00:00 | ||
| 260 | |a Ciudad de México |b Trillas |c 1986 | ||
| 650 | 0 | |a Personalidad |9 307255 | |
| 650 | 0 | |a Psicología del niño |9 307305 | |
| 650 | 0 | |a Autorrealización |9 309565 | |
| 583 | |a last modification |c 20130106 10:53:58 |k Rodrigo Vera | ||
| 999 | |c 218392 |d 218390 | ||
| 952 | |0 0 |1 0 |4 0 |6 155_418000000000000_MUS_1986 |7 0 |8 P |9 207887 |a BIBEDU |b BIBEDU |c BIBEDU_PB |d 2019-11-15 |i 2757257 |o 155.418 MUS 1986 |p 2757257 |r 2024-01-25 |w 2019-11-15 |y BK |k EDU | ||